| 000 | 00624nam a2200217Ia 4500 | ||
|---|---|---|---|
| 005 | 20230607112204.0 | ||
| 008 | 131103s9999 xx 000 0 und d | ||
| 020 |
_a1853264660 _cRs 265 |
||
| 040 | _aLoreto College | ||
| 041 | _aEnglish | ||
| 082 |
_a930 _bHER |
||
| 100 | _aHerodotus | ||
| 245 |
_aHistories _cTranslated with notes by George Rawlinson, with an introduction by Tom Griffith |
||
| 260 |
_aWare, Herfordshire _bWordsworth Editions Limited _c1996 |
||
| 300 | _axi,734p | ||
| 504 | _aIncludes notes | ||
| 650 | _aAncient History | ||
| 700 | _aRawlinson, George, trans | ||
| 850 | _aLCLIB | ||
| 942 | _cBK | ||
| 999 |
_c4093 _d54572 |
||